Realizácia územno-odvetvového princípu v rozvoji služieb miestneho hospodárstva a výrobného družstevníctva priebežná oponentúra ŠPEV 904-533-307/04

Uložené v:
Podrobná bibliografia
Médium: Kniha
Jazyk:Slovak
Vydavateľské údaje: Bratislava VŠE 1988
Tagy: Pridať tag
Žiadne tagy, Buďte prvý, kto otaguje tento záznam!

MARC

LEADER 00000nam a2200000 4500
001 c032316
005 20260325105413.9
041 0 |a slo 
044 |a SK 
245 1 0 |a Realizácia územno-odvetvového princípu v rozvoji služieb miestneho hospodárstva a výrobného družstevníctva  |b priebežná oponentúra ŠPEV 904-533-307/04 
264 1 |a Bratislava  |b VŠE  |c 1988 
300 |a 118 s.